[Event "Titled Tuesday intern op 23rd May Early"]
[Site "Chess.com INT"]
[Date "2023.05.23"]
[Round "8"]
[White "Hinds, Nathan"]
[Black "Floresvillar Gonzalez, Luis Miguel"]
[Result "1-0"]
[WhiteElo "1976"]
[BlackElo "2043"]
[PlyCount "97"]
[EventDate "2023.05.23"]
[EventType "swiss (blitz)"]
[EventRounds "11"]
[EventCountry "USA"]
[SourceTitle "CBM 214 Extra"]
[Source "ChessBase"]
[SourceDate "2023.07.31"]
[SourceVersion "1"]
[SourceVersionDate "2023.07.31"]
[SourceQuality "1"]

1. Nf3 d5 2. c4 c6 3. g3 Nf6 4. Bg2 Bg4 5. d4 e6 6. 0-0 Nbd7 7. b3 dxc4 8. bxc4 Bd6 9. Nc3 0-0 10. e4 Bb4 11. Qb3 Bxc3 12. Qxc3 Nxe4 13. Qc2 f5 14. Bf4 Bxf3 15. Bxf3 Ndf6 16. Rfd1 Qb6 17. Rab1 Qa6 18. Qb3 Rf7 19. d5 exd5 20. cxd5 Nxd5 21. Rxd5 cxd5 22. Qxd5 Re8 23. Bh5 g6 24. Bf3 Qe6 25. Qa5 b6 26. Qb4 h5 27. h4 Qe7 28. Qb2 Qf6 29. Qb3 Kh7 30. Re1 Rfe7 31. Rd1 Qf7 32. Qb2 Nf6 33. Rd6 Re6 34. Rd4 Re1+ 35. Kg2 R1e7 36. Bg5 Rd7 37. Rxd7 Nxd7 38. Qd4 Nc5 39. Bd5 Qg7 40. Qc4 Nd7 41. Bf3 Ne5 42. Bd5 Nxc4 43. Bxc4 Re6 44. Bb3 Rd6 45. Bc4 Rd7 46. Be2 a5 47. Bf3 b5 48. Bf4 b4 49. Bc1 1-0

[Event "Titled Tuesday intern op 23rd May Early"]
[Site "Chess.com INT"]
[Date "2023.05.23"]
[Round "2"]
[White "Jia, Haoxiang"]
[Black "Hinds, Nathan"]
[Result "1-0"]
[WhiteElo "2331"]
[BlackElo "1976"]
[PlyCount "73"]
[EventDate "2023.05.23"]
[EventType "swiss (blitz)"]
[EventRounds "11"]
[EventCountry "USA"]
[SourceTitle "CBM 214 Extra"]
[Source "ChessBase"]
[SourceDate "2023.07.31"]
[SourceVersion "1"]
[SourceVersionDate "2023.07.31"]
[SourceQuality "1"]

1. d4 Nf6 2. c4 e6 3. Nf3 b6 4. g3 Bb7 5. Bg2 c5 6. d5 exd5 7. Nh4 g6 8. Nc3 Bg7 9. 0-0 0-0 10. Bg5 h6 11. Bxf6 Bxf6 12. Nxd5 Bxh4 13. gxh4 Nc6 14. h5 Qg5 15. hxg6 fxg6 16. e3 Rae8 17. Qc2 Nb4 18. Qd2 Nxd5 19. cxd5 d6 20. Kh1 Bc8 21. Rg1 Kh7 22. f4 Qh4 23. Raf1 Bh3 24. Qd3 Bxg2+ 25. Rxg2 Rf6 26. Rfg1 Qh5 27. Rg4 Re7 28. e4 Ref7 29. e5 dxe5 30. fxe5 Rf5 31. e6 R7f6 32. e7 Rf2 33. R4g2 Rxg2 34. Rxg2 Qe5 35. d6 Qe1+ 36. Rg1 Qf2 37. e8Q 1-0

[Event "Titled Tuesday intern op 16th May Early"]
[Site "Chess.com INT"]
[Date "2023.05.16"]
[Round "3"]
[White "Hinds, Nathan"]
[Black "Demin, Vladimir"]
[Result "0-1"]
[WhiteElo "1976"]
[BlackElo "2430"]
[PlyCount "50"]
[EventDate "2023.05.16"]
[EventType "swiss (blitz)"]
[EventRounds "11"]
[EventCountry "USA"]
[SourceTitle "CBM 214 Extra"]
[Source "ChessBase"]
[SourceDate "2023.07.31"]
[SourceVersion "1"]
[SourceVersionDate "2023.07.31"]
[SourceQuality "1"]

1. Nf3 d5 2. d4 Nf6 3. c4 e6 4. g3 Be7 5. Bg2 0-0 6. 0-0 dxc4 7. Ne5 Nc6 8. Bxc6 bxc6 9. Nxc6 Qe8 10. Nxe7+ Qxe7 11. Qc2 c5 12. Qxc4 cxd4 13. Qxd4 e5 14. Qh4 h6 15. Nc3 Bb7 16. Be3 Qe6 17. f3 e4 18. Rae1 Rfe8 19. Bd4 Nh7 20. fxe4 Ng5 21. Nd5 Qxe4 22. Qxe4 Rxe4 23. Nc7 Rc8 24. Nb5 Rxd4 25. Nxd4 Nh3# 0-1

[Event "Titled Tuesday intern op 16th May Early"]
[Site "Chess.com INT"]
[Date "2023.05.16"]
[Round "6"]
[White "Hinds, Nathan"]
[Black "Pham, Le Thao Nguyen"]
[Result "1-0"]
[WhiteElo "1976"]
[BlackElo "2369"]
[PlyCount "69"]
[EventDate "2023.05.16"]
[EventType "swiss (blitz)"]
[EventRounds "11"]
[EventCountry "USA"]
[SourceTitle "CBM 214 Extra"]
[Source "ChessBase"]
[SourceDate "2023.07.31"]
[SourceVersion "1"]
[SourceVersionDate "2023.07.31"]
[SourceQuality "1"]

1. Nf3 d5 2. d4 c6 3. c4 Nf6 4. g3 Bf5 5. Bg2 e6 6. 0-0 Nbd7 7. b3 h6 8. Bb2 Be7 9. Nc3 0-0 10. Re1 a5 11. a4 Bb4 12. Nd2 Re8 13. e4 dxe4 14. Ndxe4 Nxe4 15. Bxe4 Bxe4 16. Rxe4 e5 17. dxe5 Nxe5 18. Qe2 Ng6 19. Rd1 Qc8 20. Na2 Bc5 21. Kg2 Rxe4 22. Qxe4 Qc7 23. Rd3 Rd8 24. Rxd8+ Qxd8 25. Qe2 Qd7 26. Nc3 f6 27. Ne4 Bb4 28. f3 Qe7 29. Kf2 Ne5 30. Bc3 Bxc3 31. Nxc3 Qc5+ 32. Qe3 Nd3+ 33. Ke2 Qxe3+ 34. Kxe3 Nc5 35. b4 1-0

[Event "Titled Tuesday intern op 09th May Early"]
[Site "Chess.com INT"]
[Date "2023.05.09"]
[Round "11"]
[White "Clawitter, Craig"]
[Black "Hinds, Nathan"]
[Result "1-0"]
[WhiteElo "2050"]
[BlackElo "1976"]
[PlyCount "121"]
[EventDate "2023.05.09"]
[EventType "swiss (blitz)"]
[EventRounds "11"]
[EventCountry "USA"]
[SourceTitle "CBM 214 Extra"]
[Source "ChessBase"]
[SourceDate "2023.07.31"]
[SourceVersion "1"]
[SourceVersionDate "2023.07.31"]
[SourceQuality "1"]

1. e4 c6 2. d4 d5 3. e5 c5 4. Nf3 Bg4 5. dxc5 Bxf3 6. Qxf3 Nc6 7. Bf4 e6 8. Bd3 Bxc5 9. 0-0 Nge7 10. Nd2 Bd4 11. Qg3 Ng6 12. Bxg6 hxg6 13. c3 Bc5 14. Rad1 Qh4 15. Nb3 Qxg3 16. hxg3 Bb6 17. Nd4 Bxd4 18. cxd4 Rc8 19. Rc1 Kd7 20. Be3 Na5 21. Rxc8 Rxc8 22. Rc1 Nc4 23. b3 Na3 24. Kf1 Nb5 25. Rxc8 Kxc8 26. a4 Nc7 27. Ke2 Kd7 28. Kd3 Kc6 29. Bd2 b5 30. Bb4 bxa4 31. bxa4 f6 32. Bf8 Ne8 33. Bxg7 f5 34. Bh6 Nc7 35. Bd2 Na8 36. Ba5 Kb7 37. Kc3 Ka6 38. Kb4 Kb7 39. Kc5 Ka6 40. Bd8 Nb6 41. Bxb6 axb6+ 42. Kd6 Ka5 43. Kxe6 Kxa4 44. Kxd5 b5 45. e6 b4 46. e7 b3 47. e8Q+ Ka3 48. Qxg6 b2 49. Qa6+ Kb3 50. Qb5+ Kc3 51. Ke5 b1Q 52. Qxb1 Kd2 53. Qxf5 Ke2 54. d5 Kf1 55. d6 Kxg2 56. d7 Kh2 57. g4 Kg2 58. g5 Kf1 59. g6 Kg2 60. f4 Kf3 61. g7 1-0

[Event "Titled Tuesday intern op 02nd May Early"]
[Site "Chess.com INT"]
[Date "2023.05.02"]
[Round "6"]
[White "Korol, Dimitry"]
[Black "Hinds, Nathan"]
[Result "1/2-1/2"]
[WhiteElo "2287"]
[BlackElo "1976"]
[PlyCount "42"]
[EventDate "2023.05.02"]
[EventType "swiss (blitz)"]
[EventRounds "11"]
[EventCountry "USA"]
[SourceTitle "EXT 2024"]
[Source "ChessBase"]
[SourceDate "2023.10.10"]
[SourceVersion "1"]
[SourceVersionDate "2023.10.10"]
[SourceQuality "1"]

1. d4 Nf6 2. c4 e6 3. Nc3 Bb4 4. Qc2 c5 5. dxc5 Bxc5 6. Nf3 h6 7. Bf4 Nc6 8. e3 0-0 9. Be2 Re8 10. 0-0 e5 11. Bg3 d6 12. Rfd1 Qe7 13. a3 a5 14. Rd2 Be6 15. Rad1 Rad8 16. Qa4 g6 17. h3 Kg7 18. Nd5 Bxd5 19. cxd5 Nb8 20. Qxa5 b6 21. Qb5 Ne4 1/2-1/2

[Event "Kingston Chan Memorial op"]
[Site "Kingston"]
[Date "2017.09.24"]
[Round "5"]
[White "Hinds, Nathan"]
[Black "Smith, Shreyas"]
[Result "0-1"]
[WhiteElo "1876"]
[BlackElo "2168"]
[PlyCount "70"]
[EventDate "2017.09.21"]
[EventType "swiss"]
[EventRounds "6"]
[EventCountry "JAM"]
[SourceTitle "EXT 2020"]
[Source "ChessBase"]
[SourceDate "2019.10.17"]
[SourceVersion "1"]
[SourceVersionDate "2019.10.17"]
[SourceQuality "1"]

1. c4 Nf6 2. Nc3 g6 3. g3 Bg7 4. Bg2 0-0 5. Nf3 d6 6. d4 Nc6 7. e4 Bg4 8. Be3 Nd7 9. h3 Bxf3 10. Bxf3 e5 11. d5 Nd4 12. Bg2 c5 13. dxc6 bxc6 14. 0-0 Rb8 15. Qd2 Nc5 16. Ne2 Nce6 17. Rab1 c5 18. f4 exf4 19. Nxf4 Be5 20. Kh2 h5 21. h4 Rb4 22. b3 a5 23. Bh3 a4 24. Nxe6 Nxe6 25. Kg2 Nd4 26. Bxd4 Bxd4 27. Qd3 axb3 28. axb3 Qe7 29. Qf3 Ra8 30. Rfe1 Ra3 31. g4 Rxc4 32. gxh5 Rc3 33. Qg4 Ra2+ 34. Kh1 Rcc2 35. Bg2 Rxg2 0-1